000 00558nam a22002177a 4500
003 UA-OsUOA
001 36220
007 ta
008 20060711b un ||||| |||| 00| 0 ukr d
090 _a082
_bУ45
942 _cBK
040 _aUA-OsUOA
_bukr
_cUA-OsUOA
_dUA-OsUOA
245 _aУкраїнський гуманітарний огляд
_bВипуск 3
300 _a314 с.
955 _a1
041 _aukr
080 _a082
260 _bКритика
_c2000
650 7 _a08 Видання. Колективні праці
_2UDC
999 _c424398
_d424398